000 00655nam a2200229Ia 4500
003 OSt
005 20220926035208.0
006 a|||||r|||| 00| 0
007 ta
008 220923b |||||||| |||| 00| 0 eng d
037 _cGeneral Book
040 _aRTL
_cRTL
_beng
041 _2eng
_aeng
082 _aX:99Tb4, J7
100 _aWilliams Gertrude
_9130107
245 0 _aRecruitment to skilled trades
260 _c1957
490 _aInternational Library of Sociology and Social Reconstruction
650 _aTechnical Labour Economics
_9230410
942 _hX:99Tb4, J7
_cGB
_2CC
999 _c661559
_d661559